| 000 | 00353nam a2200133Ia 4500 | ||
|---|---|---|---|
| 005 | 20260326235450.0 | ||
| 008 | 260326s9999||||xx |||||||||||||| ||und|| | ||
| 100 | _aAguilera Rojas, Javier | ||
| 245 | 0 |
_aUrbanismo Español en América / _cJavier Aguilera Rojas |
|
| 260 | _bEditora Nacional Madrid | ||
| 300 | _a231 p. | ||
| 650 | _aHISTORIA | ||
| 942 | _cBK | ||
| 999 |
_c7720 _d7720 |
||